<?xml version="1.0" encoding="UTF-8"?>
<record
    xmlns:xsi="http://www.w3.org/2001/XMLSchema-instance"
    xsi:schemaLocation="http://www.loc.gov/MARC21/slim http://www.loc.gov/standards/marcxml/schema/MARC21slim.xsd"
    xmlns="http://www.loc.gov/MARC21/slim">

  <leader>01502nam a2200337 i 4500</leader>
  <controlfield tag="001">768714001</controlfield>
  <controlfield tag="003">CO-MdFUSB</controlfield>
  <controlfield tag="005">20211027142230.0</controlfield>
  <controlfield tag="007">ta</controlfield>
  <controlfield tag="008">200624t2004    ck d|||| |||| 00| 0 spa d</controlfield>
  <datafield tag="020" ind1=" " ind2=" ">
    <subfield code="a">[No incluye ISBN]</subfield>
  </datafield>
  <datafield tag="040" ind1=" " ind2=" ">
    <subfield code="a">CO-MdFUSB</subfield>
    <subfield code="b">spa</subfield>
    <subfield code="c">CO-MdFUSB</subfield>
    <subfield code="d">CO-MdFUSBC</subfield>
    <subfield code="e">rda</subfield>
  </datafield>
  <datafield tag="041" ind1=" " ind2=" ">
    <subfield code="a">spa</subfield>
  </datafield>
  <datafield tag="082" ind1=" " ind2=" ">
    <subfield code="2">23</subfield>
    <subfield code="a">370.0011</subfield>
    <subfield code="b">UN54</subfield>
  </datafield>
  <datafield tag="110" ind1=" " ind2=" ">
    <subfield code="a">Universidad Nacional Abierta y a Distancia.</subfield>
  </datafield>
  <datafield tag="245" ind1="1" ind2="3">
    <subfield code="a">La UNAD </subfield>
    <subfield code="b">: un proyecto p&#xFA;blico vital</subfield>
    <subfield code="c">/ Universidad Nacional Abierta y a Distancia.</subfield>
  </datafield>
  <datafield tag="246" ind1=" " ind2=" ">
    <subfield code="a">Educaci&#xF3;n para todos</subfield>
    <subfield code="b">: Proyecto p&#xFA;blico vital.</subfield>
  </datafield>
  <datafield tag="264" ind1=" " ind2="1">
    <subfield code="a">Bogot&#xE1; : </subfield>
    <subfield code="b">Ministerio de Educaci&#xF3;n Nacional, </subfield>
    <subfield code="c">[2004]</subfield>
  </datafield>
  <datafield tag="264" ind1=" " ind2="4">
    <subfield code="c">&#xA9;2004</subfield>
  </datafield>
  <datafield tag="300" ind1=" " ind2=" ">
    <subfield code="c">203 p&#xE1;ginas ; </subfield>
    <subfield code="a">28 cm</subfield>
  </datafield>
  <datafield tag="336" ind1=" " ind2=" ">
    <subfield code="2">rdacontent</subfield>
    <subfield code="a">texto</subfield>
    <subfield code="b">txt</subfield>
  </datafield>
  <datafield tag="337" ind1=" " ind2=" ">
    <subfield code="2">rdamedia</subfield>
    <subfield code="a">sin mediaci&#xF3;n</subfield>
    <subfield code="b">n</subfield>
  </datafield>
  <datafield tag="338" ind1=" " ind2=" ">
    <subfield code="2">rdacarrier</subfield>
    <subfield code="a">volumen</subfield>
    <subfield code="b">nc</subfield>
  </datafield>
  <datafield tag="500" ind1=" " ind2=" ">
    <subfield code="a">Documento de trabajo interno y de circulaci&#xF3;n restringida.</subfield>
  </datafield>
  <datafield tag="505" ind1=" " ind2=" ">
    <subfield code="a">Innovaci&#xF3;n Institucional -- Los "medios de innovaci&#xF3;n" -- Proyecto acad&#xE9;mico pedag&#xF3;gicos -- Lineamientos misionales, pol&#xED;ticas y organizaci&#xF3;n de &#xE1;rea acad&#xE9;mica de la UNAD --  Los referentes b&#xE1;sicos del &#xE1;rea acad&#xE9;mica -- Pol&#xED;ticas acad&#xE9;micas -- Estructura de la organizaci&#xF3;n curricular -- Distribuci&#xF3;n de cursos acad&#xE9;micos por &#xE1;reas o campos de formaci&#xF3;n b&#xE1;sica com&#xFA;n y formaci&#xF3;n espec&#xED;fica -- Plan de desarrollo 2004 - 2007.</subfield>
  </datafield>
  <datafield tag="563" ind1=" " ind2=" ">
    <subfield code="a">R&#xFA;stico</subfield>
  </datafield>
  <datafield tag="650" ind1=" " ind2="0">
    <subfield code="9">984</subfield>
    <subfield code="a">Educaci&#xF3;n</subfield>
  </datafield>
  <datafield tag="653" ind1=" " ind2=" ">
    <subfield code="a">Educaci&#xF3;n superior.</subfield>
  </datafield>
  <datafield tag="942" ind1=" " ind2=" ">
    <subfield code="c">BK</subfield>
  </datafield>
  <datafield tag="945" ind1=" " ind2=" ">
    <subfield code="a">Dani</subfield>
  </datafield>
  <datafield tag="952" ind1=" " ind2=" ">
    <subfield code="0">0</subfield>
    <subfield code="1">0</subfield>
    <subfield code="2">ddc</subfield>
    <subfield code="4">0</subfield>
    <subfield code="7">0</subfield>
    <subfield code="8">GEN</subfield>
    <subfield code="a">FUSBC</subfield>
    <subfield code="b">FUSBC</subfield>
    <subfield code="d">2020-06-24</subfield>
    <subfield code="l">0</subfield>
    <subfield code="o">G 370.0011 UN54u</subfield>
    <subfield code="p">6861</subfield>
    <subfield code="r">2020-06-24 00:00:00</subfield>
    <subfield code="t">Ej.1</subfield>
    <subfield code="w">2020-06-24</subfield>
    <subfield code="y">BK</subfield>
    <subfield code="k">14</subfield>
    <subfield code="I">INV2023</subfield>
  </datafield>
  <datafield tag="999" ind1=" " ind2=" ">
    <subfield code="c">66275</subfield>
    <subfield code="d">66275</subfield>
  </datafield>
</record>
